[Event "2nd Sharjah Masters International Chess Championship"]
[Site "Sharjah Culture & Chess Club"]
[Date "2018.04.14"]
[Round "3"]
[Board "6"]
[White "Erigaisi, Arjun"]
[Black "Safarli, Eltaj"]
[Result "0-1"]
[WhiteElo "2481"]
[BlackElo "2653"]
[PlyCount "0"]
[EventDate "2018.04.12"]
[EventRounds "9"]
[EventCountry "UAE"]

1. Nf3 {[%clk 1:29:18]} c5 {[%clk 1:29:44]} 2. c4 {[%clk 1:29:20]} Nf6
{[%clk 1:28:30]} 3. g3 {[%clk 1:29:41]} g6 {[%clk 1:27:17]} 4. Nc3
{[%clk 1:30:00]} Bg7 {[%clk 1:27:22]} 5. Bg2 {[%clk 1:30:22]} O-O
{[%clk 1:27:19]} 6. O-O {[%clk 1:30:13]} Nc6 {[%clk 1:27:46]} 7. d4
{[%clk 1:30:16]} cxd4 {[%clk 1:28:11]} 8. Nxd4 {[%clk 1:30:39]} Qa5
{[%clk 1:28:35]} 9. Nb3 {[%clk 1:28:15]} Qh5 {[%clk 1:27:02]} 10. c5
{[%clk 1:26:59]} a5 {[%clk 1:26:16]} 11. a4 {[%clk 1:21:29]} d5 {[%clk 1:23:20]}
12. cxd6 {[%clk 1:10:41]} Rd8 {[%clk 1:21:56]} 13. Nb5 {[%clk 0:45:21]} exd6
{[%clk 1:16:16]} 14. Nc7 {[%clk 0:42:21]} Rb8 {[%clk 1:08:35]} 15. e4
{[%clk 0:42:24]} Bg4 {[%clk 0:59:09]} 16. f3 {[%clk 0:42:41]} Bh3
{[%clk 0:53:05]} 17. g4 {[%clk 0:33:42]} Qh4 {[%clk 0:52:58]} 18. Bf4
{[%clk 0:32:30]} Bxg2 {[%clk 0:51:19]} 19. Kxg2 {[%clk 0:32:53]} Rbc8
{[%clk 0:49:21]} 20. Nb5 {[%clk 0:29:55]} Ne8 {[%clk 0:40:57]} 21. Qd2
{[%clk 0:29:33]} Qe7 {[%clk 0:40:34]} 22. Rac1 {[%clk 0:27:13]} Qe6
{[%clk 0:35:47]} 23. Nxa5 {[%clk 0:20:17]} Nxa5 {[%clk 0:35:19]} 24. Qxa5
{[%clk 0:20:41]} Bxb2 {[%clk 0:35:34]} 25. Rxc8 {[%clk 0:20:46]} Rxc8
{[%clk 0:35:50]} 26. Rf2 {[%clk 0:19:45]} Be5 {[%clk 0:31:57]} 27. Bxe5
{[%clk 0:17:35]} dxe5 {[%clk 0:28:54]} 28. Nc3 {[%clk 0:17:55]} Nd6
{[%clk 0:27:30]} 29. Nd5 {[%clk 0:17:17]} Nxe4 {[%clk 0:24:37]} 30. Re2
{[%clk 0:16:31]} Nc5 {[%clk 0:22:31]} 31. Rd2 {[%clk 0:12:06]} Nb3
{[%clk 0:13:36]} 32. Qb6 {[%clk 0:12:25]} Nxd2 {[%clk 0:10:09]} 33. Qxe6
{[%clk 0:12:49]} fxe6 {[%clk 0:10:38]} 34. Ne7+ {[%clk 0:13:12]} Kf8
{[%clk 0:10:17]} 35. Nxc8 {[%clk 0:13:35]} Nc4 {[%clk 0:10:45]} 36. Kf2
{[%clk 0:11:10]} Ke8 {[%clk 0:09:59]} 37. Na7 {[%clk 0:11:02]} Nd6
{[%clk 0:07:34]} 38. Ke3 {[%clk 0:11:25]} g5 {[%clk 0:03:57]} 39. Kd3
{[%clk 0:08:03]} Kd7 {[%clk 0:04:05]} 40. Kc3 {[%clk 0:08:21]} Kc7
{[%clk 0:01:39]} 41. Kb4 {[%clk 0:08:45]} Kb6 {[%clk 0:01:00]} 42. Nb5
{[%clk 0:09:09]} Nxb5 {[%clk 0:01:05]} 43. axb5 {[%clk 0:09:37]} Kc7
{[%clk 0:01:33]} 44. Kc5 {[%clk 0:07:12]} Kd7 {[%clk 0:01:43]} 45. Kb6
{[%clk 0:01:41]} Kc8 {[%clk 0:02:12]} 46. Ka7 {[%clk 0:01:37]} Kc7
{[%clk 0:02:39]} 47. h3 {[%clk 0:02:00]} h6 {[%clk 0:02:48]} 48. Ka8
{[%clk 0:02:23]} Kb6 {[%clk 0:03:15]} 49. Kb8 {[%clk 0:02:48]} Kxb5
{[%clk 0:03:08]} 50. Kxb7 {[%clk 0:03:10]} Kc5 {[%clk 0:03:35]} 51. Kc7
{[%clk 0:03:33]} Kd4 {[%clk 0:03:37]} 52. Kd6 {[%clk 0:03:56]} e4
{[%clk 0:03:46]} 53. fxe4 {[%clk 0:04:19]} e5 {[%clk 0:04:12]} 54. Kxe5+ Kxe5 0-1

[Event "2nd Sharjah Masters International Chess Championship"]
[Site "Sharjah Culture & Chess Club"]
[Date "2018.04.14"]
[Round "3"]
[Board "9"]
[White "Vignesh, N R"]
[Black "Iturrizaga Bonelli, Eduardo"]
[Result "0-1"]
[WhiteElo "2475"]
[BlackElo "2624"]
[PlyCount "0"]
[EventDate "2018.04.12"]
[EventRounds "9"]
[EventCountry "UAE"]

1. e4 {[%clk 1:30:47]} g6 {[%clk 1:30:38]} 2. d4 {[%clk 1:29:30]} Bg7
{[%clk 1:31:01]} 3. Nc3 {[%clk 1:27:08]} a6 {[%clk 1:30:51]} 4. f4
{[%clk 1:21:35]} b5 {[%clk 1:30:51]} 5. a3 {[%clk 1:17:53]} Bb7 {[%clk 1:30:58]}
6. Nf3 {[%clk 1:18:15]} d6 {[%clk 1:31:13]} 7. Bd3 {[%clk 1:16:48]} Nd7
{[%clk 1:30:11]} 8. Ne2 {[%clk 1:05:39]} e5 {[%clk 1:24:54]} 9. fxe5
{[%clk 0:55:17]} dxe5 {[%clk 1:25:09]} 10. Bg5 {[%clk 0:50:19]} Bf6
{[%clk 1:00:58]} 11. Qd2 {[%clk 0:45:34]} exd4 {[%clk 1:00:14]} 12. Nexd4
{[%clk 0:41:59]} c5 {[%clk 0:12:58]} 13. Nxb5 {[%clk 0:39:11]} axb5
{[%clk 0:13:23]} 14. Bxb5 {[%clk 0:39:34]} Ba6 {[%clk 0:10:27]} 15. Bc6
{[%clk 0:23:20]} Rc8 {[%clk 0:10:31]} 16. Ba4 {[%clk 0:19:30]} Bxg5
{[%clk 0:09:01]} 17. Nxg5 {[%clk 0:19:25]} Ngf6 {[%clk 0:09:29]} 18. O-O-O
{[%clk 0:15:32]} O-O {[%clk 0:09:38]} 19. Bxd7 {[%clk 0:02:22]} Nxd7
{[%clk 0:10:03]} 20. Nf3 {[%clk 0:01:53]} Bb5 {[%clk 0:08:56]} 21. Qh6
{[%clk 0:00:46]} Qf6 {[%clk 0:09:20]} 22. e5 {[%clk 0:00:37]} Nxe5
{[%clk 0:08:45]} 23. Nxe5 {[%clk 0:00:34]} Qxe5 {[%clk 0:09:09]} 24. Rhe1
{[%clk 0:00:53]} Qf6 {[%clk 0:09:24]} 25. Re3 {[%clk 0:01:00]} Rcd8
{[%clk 0:09:09]} 26. Rde1 {[%clk 0:01:22]} Rfe8 {[%clk 0:08:59]} 0-1

[Event "2nd Sharjah Masters International Chess Championship"]
[Site "Sharjah Culture & Chess Club"]
[Date "2018.04.14"]
[Round "3"]
[Board "11"]
[White "Jumabayev, Rinat"]
[Black "Yakubboev, Nodirbek"]
[Result "1/2-1/2"]
[WhiteElo "2612"]
[BlackElo "2482"]
[PlyCount "0"]
[EventDate "2018.04.12"]
[EventRounds "9"]
[EventCountry "UAE"]

1. c4 {[%clk 1:30:49]} e6 {[%clk 1:30:28]} 2. g3 {[%clk 1:28:26]} d5
{[%clk 1:28:25]} 3. Bg2 {[%clk 1:28:50]} Nf6 {[%clk 1:27:44]} 4. Nf3
{[%clk 1:29:15]} Be7 {[%clk 1:26:04]} 5. O-O {[%clk 1:29:26]} O-O
{[%clk 1:23:03]} 6. d4 {[%clk 1:29:09]} Nbd7 {[%clk 1:19:16]} 7. Qc2
{[%clk 1:28:26]} c6 {[%clk 1:16:53]} 8. Nbd2 {[%clk 1:26:29]} b6 {[%clk 1:07:57]}
9. e4 {[%clk 1:26:37]} Nxe4 {[%clk 1:03:30]} 10. Nxe4 {[%clk 1:27:01]} dxe4
{[%clk 1:03:59]} 11. Qxe4 {[%clk 1:27:21]} Ba6 {[%clk 1:01:51]} 12. Qc2
{[%clk 1:25:43]} Qc7 {[%clk 0:51:22]} 13. Rd1 {[%clk 1:24:52]} Rad8
{[%clk 0:44:12]} 14. Bf4 {[%clk 1:14:43]} Qc8 {[%clk 0:42:22]} 15. c5
{[%clk 0:57:50]} bxc5 {[%clk 0:27:53]} 16. dxc5 {[%clk 0:55:13]} Nf6
{[%clk 0:27:07]} 17. Bd6 {[%clk 0:51:49]} Bxd6 {[%clk 0:26:19]} 18. cxd6
{[%clk 0:51:37]} Nd5 {[%clk 0:25:46]} 19. Ng5 {[%clk 0:51:27]} f5
{[%clk 0:20:00]} 20. Qc5 {[%clk 0:50:48]} Rf6 {[%clk 0:11:43]} 21. Rac1
{[%clk 0:47:42]} h6 {[%clk 0:10:24]} 22. Nf3 {[%clk 0:47:36]} Be2
{[%clk 0:10:03]} 23. Rxd5 {[%clk 0:34:57]} exd5 {[%clk 0:09:47]} 24. Nd4
{[%clk 0:35:24]} Qa6 {[%clk 0:10:06]} 25. Re1 {[%clk 0:35:06]} Bd3
{[%clk 0:08:34]} 26. Ne6 {[%clk 0:24:54]} Rd7 {[%clk 0:06:16]} 27. Qe3
{[%clk 0:21:47]} f4 {[%clk 0:05:17]} 28. gxf4 {[%clk 0:06:21]} Bf5
{[%clk 0:05:07]} 29. Nc5 {[%clk 0:05:08]} Qc8 {[%clk 0:05:06]} 30. Nxd7
{[%clk 0:05:02]} Qxd7 {[%clk 0:05:35]} 31. Qe8+ {[%clk 0:05:04]} Kh7
{[%clk 0:05:17]} 32. Qxd7 {[%clk 0:02:06]} Bxd7 {[%clk 0:05:45]} 33. Kf1
{[%clk 0:01:28]} Rxd6 {[%clk 0:05:53]} 34. Re3 {[%clk 0:01:55]} Bf5
{[%clk 0:02:29]} 35. Ke1 {[%clk 0:01:54]} Rg6 {[%clk 0:01:56]} 36. Rg3
{[%clk 0:00:44]} Rg4 {[%clk 0:00:55]} 37. Rxg4 {[%clk 0:00:53]} Bxg4
{[%clk 0:01:23]} 38. Kd2 {[%clk 0:01:13]} Kg6 {[%clk 0:01:43]} 39. b4
{[%clk 0:01:37]} Kf5 {[%clk 0:01:07]} 40. Ke3 {[%clk 0:01:48]} Ke6
{[%clk 0:01:20]} 41. Kd4 {[%clk 0:01:42]} Kd6 {[%clk 0:00:55]} 42. a3
{[%clk 0:00:51]} Be2 {[%clk 0:00:47]} 43. Bh3 {[%clk 0:00:54]} a5
{[%clk 0:00:53]} 44. Bf5 {[%clk 0:00:58]} axb4 {[%clk 0:01:13]} 45. axb4
{[%clk 0:01:27]} Ke5+ 46. Ke4+ 1/2-1/2

[Event "2nd Sharjah Masters International Chess Championship"]
[Site "Sharjah Culture & Chess Club"]
[Date "2018.04.14"]
[Round "3"]
[Board "23"]
[White "Iniyan, P"]
[Black "Nikhil, Magizhnan"]
[Result "1-0"]
[WhiteElo "2466"]
[BlackElo "2105"]
[PlyCount "0"]
[EventDate "2018.04.12"]
[EventRounds "9"]
[EventCountry "UAE"]

1. Nf3 {[%clk 1:30:44]} Nf6 {[%clk 1:30:27]} 2. g3 {[%clk 1:31:05]} g6
{[%clk 1:29:28]} 3. b3 {[%clk 1:31:11]} Bg7 {[%clk 1:29:40]} 4. Bb2
{[%clk 1:31:37]} O-O {[%clk 1:30:02]} 5. Bg2 {[%clk 1:32:05]} d6 {[%clk 1:30:16]}
6. O-O {[%clk 1:31:04]} e5 {[%clk 1:30:38]} 7. d3 {[%clk 1:31:22]} Nc6
{[%clk 1:30:27]} 8. c4 {[%clk 1:29:20]} Re8 {[%clk 1:29:14]} 9. Nfd2
{[%clk 1:28:29]} Be6 {[%clk 1:28:41]} 10. Nc3 {[%clk 1:28:43]} Nd7
{[%clk 1:22:29]} 11. Nd5 {[%clk 1:27:03]} Rb8 {[%clk 1:21:45]} 12. a3
{[%clk 1:26:09]} Ne7 {[%clk 1:21:43]} 13. b4 {[%clk 1:22:42]} c6 {[%clk 1:21:43]}
14. Nc3 {[%clk 1:20:36]} d5 {[%clk 1:21:33]} 15. Rc1 {[%clk 1:18:24]} Rc8
{[%clk 1:20:04]} 16. e3 {[%clk 1:16:01]} Nb6 {[%clk 1:17:17]} 17. cxd5
{[%clk 1:13:44]} cxd5 {[%clk 1:16:56]} 18. Nb3 {[%clk 1:13:28]} d4
{[%clk 1:16:07]} 19. exd4 {[%clk 1:07:50]} exd4 {[%clk 1:15:47]} 20. Ne4
{[%clk 1:08:14]} Rxc1 {[%clk 1:03:07]} 21. Bxc1 {[%clk 1:08:35]} Bd5
{[%clk 1:01:57]} 22. Nec5 {[%clk 1:07:08]} Qa8 {[%clk 0:55:29]} 23. Bb2
{[%clk 0:56:27]} Nf5 {[%clk 0:52:29]} 24. Be4 {[%clk 0:47:52]} Qc8
{[%clk 0:47:03]} 25. Re1 {[%clk 0:39:48]} h5 {[%clk 0:43:52]} 26. a4
{[%clk 0:29:19]} Bxe4 {[%clk 0:37:30]} 27. dxe4 {[%clk 0:29:35]} Nh6
{[%clk 0:37:52]} 28. Qd3 {[%clk 0:24:08]} Nd7 {[%clk 0:26:27]} 29. Bxd4
{[%clk 0:15:25]} Bxd4 {[%clk 0:24:52]} 30. Nxd7 {[%clk 0:15:45]} Qxd7
{[%clk 0:22:40]} 31. Qxd4 {[%clk 0:16:11]} Qxd4 {[%clk 0:22:25]} 32. Nxd4
{[%clk 0:16:32]} Rc8 {[%clk 0:22:51]} 33. Nb5 {[%clk 0:14:16]} Rc4
{[%clk 0:20:30]} 34. Rb1 {[%clk 0:14:39]} a5 {[%clk 0:20:43]} 35. bxa5
{[%clk 0:15:05]} Rxa4 {[%clk 0:20:31]} 36. Nd6 {[%clk 0:12:44]} Rxa5
{[%clk 0:20:33]} 37. Rxb7 {[%clk 0:13:07]} Ra1+ {[%clk 0:17:54]} 38. Kg2
{[%clk 0:13:30]} Ra6 {[%clk 0:18:21]} 39. Rd7 {[%clk 0:09:50]} Ng4
{[%clk 0:15:49]} 40. h3 {[%clk 0:10:16]} Ne5 {[%clk 0:15:55]} 41. Rd8+
{[%clk 0:10:40]} Kg7 {[%clk 0:14:24]} 42. Ne8+ {[%clk 0:09:35]} Kh7
{[%clk 0:12:30]} 43. Rd5 {[%clk 0:09:55]} Nc4 {[%clk 0:10:18]} 44. Kf3
{[%clk 0:05:59]} Re6 {[%clk 0:09:51]} 45. Nc7 {[%clk 0:06:21]} Rd6
{[%clk 0:09:59]} 46. Nb5 {[%clk 0:04:55]} Re6 {[%clk 0:06:30]} 47. Rd4
{[%clk 0:04:51]} Ne5+ {[%clk 0:05:49]} 48. Kf4 {[%clk 0:04:49]} g5+
{[%clk 0:05:04]} 49. Ke3 {[%clk 0:04:43]} Ng6 {[%clk 0:04:58]} 50. Rd5
{[%clk 0:04:16]} Kh6 {[%clk 0:03:27]} 51. Nd6 {[%clk 0:03:42]} Ne7
{[%clk 0:03:09]} 52. Nxf7+ {[%clk 0:02:49]} Kg7 {[%clk 0:03:26]} 53. Rxg5+
{[%clk 0:03:17]} Kxf7 {[%clk 0:03:51]} 54. Rxh5 {[%clk 0:03:43]} Ra6
{[%clk 0:04:10]} 55. Rh7+ {[%clk 0:03:33]} Kf8 {[%clk 0:04:33]} 56. h4
{[%clk 0:03:26]} Re6 {[%clk 0:03:46]} 57. Rh5 {[%clk 0:03:39]} Ra6
{[%clk 0:03:55]} 58. Rh8+ {[%clk 0:03:49]} Kg7 {[%clk 0:04:05]} 59. Rd8
{[%clk 0:04:13]} Ng6 {[%clk 0:03:56]} 60. h5 {[%clk 0:04:03]} Ne5
{[%clk 0:04:15]} 61. Kf4 {[%clk 0:04:17]} Nf7 {[%clk 0:04:09]} 62. Rd5
{[%clk 0:04:03]} Rf6+ {[%clk 0:04:13]} 63. Rf5 {[%clk 0:04:29]} Re6
{[%clk 0:04:38]} 64. g4 {[%clk 0:04:43]} Nd6 {[%clk 0:04:41]} 65. Re5
{[%clk 0:04:48]} Rf6+ {[%clk 0:04:58]} 66. Kg3 {[%clk 0:05:14]} Nc4
{[%clk 0:04:44]} 67. Rd5 {[%clk 0:05:34]} Re6 {[%clk 0:03:05]} 68. f3
{[%clk 0:05:43]} Nd6 {[%clk 0:03:17]} 69. g5 {[%clk 0:06:05]} Nf7
{[%clk 0:03:16]} 70. Kf4 {[%clk 0:06:18]} Re7 {[%clk 0:03:36]} 71. Kf5
{[%clk 0:06:21]} Ra7 {[%clk 0:03:46]} 72. e5 {[%clk 0:06:49]} Ra6
{[%clk 0:03:29]} 73. f4 {[%clk 0:06:58]} Kf8 {[%clk 0:03:52]} 74. g6
{[%clk 0:07:22]} Nh6+ {[%clk 0:04:09]} 75. Kg5 {[%clk 0:07:47]} Ng8
{[%clk 0:04:35]} 76. f5 {[%clk 0:08:08]} Ra1 {[%clk 0:04:45]} 77. Rd8+
{[%clk 0:08:33]} Kg7 {[%clk 0:05:10]} 78. h6+ {[%clk 0:08:46]} Kh8
{[%clk 0:05:34]} 79. h7

[Event "2nd Sharjah Masters International Chess Championship"]
[Site "Sharjah Culture & Chess Club"]
[Date "2018.04.14"]
[Round "3"]
[Board "28"]
[White "Song, Yuxin"]
[Black "Sadhwani, Raunak"]
[Result "0-1"]
[WhiteElo "2075"]
[BlackElo "2358"]
[PlyCount "0"]
[EventDate "2018.04.12"]
[EventRounds "9"]
[EventCountry "UAE"]

1. e4 {[%clk 1:30:57]} c5 {[%clk 1:30:59]} 2. Nf3 {[%clk 1:31:16]} d6
{[%clk 1:31:28]} 3. Bb5+ {[%clk 1:31:35]} Nd7 {[%clk 1:31:44]} 4. d4
{[%clk 1:31:59]} Ngf6 {[%clk 1:32:07]} 5. Nc3 {[%clk 1:22:20]} cxd4
{[%clk 1:32:32]} 6. Qxd4 {[%clk 1:22:35]} e5 {[%clk 1:32:51]} 7. Qd3
{[%clk 1:22:37]} h6 {[%clk 1:33:16]} 8. O-O {[%clk 1:22:43]} Be7 {[%clk 1:32:52]}
9. Rd1 {[%clk 1:20:52]} O-O {[%clk 1:32:07]} 10. Bxd7 {[%clk 1:20:18]} Bxd7
{[%clk 1:32:09]} 11. Nd2 {[%clk 1:20:31]} Bg4 {[%clk 1:24:39]} 12. f3
{[%clk 1:20:21]} Be6 {[%clk 1:25:03]} 13. Nc4 {[%clk 1:14:35]} Qc7
{[%clk 1:24:34]} 14. Ne3 {[%clk 1:11:07]} Rac8 {[%clk 1:24:50]} 15. a4
{[%clk 1:03:48]} Rfd8 {[%clk 1:25:11]} 16. Kh1 {[%clk 0:57:37]} a6
{[%clk 1:15:40]} 17. Bd2 {[%clk 0:52:32]} d5 {[%clk 1:08:35]} 18. Ncxd5
{[%clk 0:51:19]} Bxd5 {[%clk 1:08:39]} 19. exd5 {[%clk 0:51:04]} Bc5
{[%clk 1:09:00]} 20. c3 {[%clk 0:42:19]} Bxe3 {[%clk 1:08:13]} 21. Bxe3
{[%clk 0:42:12]} Rxd5 {[%clk 1:07:31]} 22. Qe2 {[%clk 0:39:11]} Rcd8
{[%clk 1:06:06]} 23. Kg1 {[%clk 0:35:32]} Qd7 {[%clk 1:05:41]} 24. Rxd5
{[%clk 0:35:54]} Qxd5 {[%clk 1:06:03]} 25. Bb6 {[%clk 0:32:09]} Rd6
{[%clk 1:03:43]} 26. c4 {[%clk 0:30:51]} Qd2 {[%clk 0:56:57]} 27. Qxd2
{[%clk 0:31:04]} Rxd2 {[%clk 0:57:26]} 28. Rb1 {[%clk 0:25:15]} Rc2
{[%clk 0:54:32]} 29. b3 {[%clk 0:25:34]} e4 {[%clk 0:54:48]} 30. Bd4
{[%clk 0:25:21]} exf3 {[%clk 0:53:11]} 31. gxf3 {[%clk 0:25:46]} Nh5
{[%clk 0:53:17]} 32. Rb2 {[%clk 0:25:19]} Rc1+ {[%clk 0:51:21]} 33. Kf2
{[%clk 0:25:40]} Nf4 {[%clk 0:50:00]} 34. Be3 {[%clk 0:24:06]} Rxc4
{[%clk 0:48:41]} 35. Rd2 {[%clk 0:21:36]} Rb4 {[%clk 0:48:48]} 36. Bxf4
{[%clk 0:21:09]} Rxf4 {[%clk 0:49:11]} 37. Rd8+ {[%clk 0:18:02]} Kh7
{[%clk 0:48:42]} 38. Rd7 {[%clk 0:18:30]} Rb4 {[%clk 0:45:24]} 39. Rxf7
{[%clk 0:17:37]} Rxb3 {[%clk 0:45:27]} 40. a5 {[%clk 0:18:06]} Kg6
{[%clk 0:44:30]} 41. Rd7 {[%clk 0:18:07]} Kf6 {[%clk 0:44:32]} 42. Kg3
{[%clk 0:18:04]} Rb5 {[%clk 0:44:15]} 43. h4 {[%clk 0:16:32]} h5 {[%clk 0:43:20]}
44. Rc7 {[%clk 0:16:47]} g5 {[%clk 0:41:48]} 45. Rh7 {[%clk 0:16:00]} Kg6
{[%clk 0:41:22]} 46. Rd7 {[%clk 0:16:23]} gxh4+ {[%clk 0:41:10]} 47. Kxh4
{[%clk 0:16:43]} Rxa5 {[%clk 0:41:19]} 48. Rxb7 {[%clk 0:17:00]} Ra4+
{[%clk 0:41:48]} 49. Kh3 {[%clk 0:16:15]} Kg5 {[%clk 0:41:08]} 50. Rh7
{[%clk 0:13:16]} a5 {[%clk 0:40:31]} 51. Kg3 {[%clk 0:12:20]} h4+
{[%clk 0:40:46]} 52. Kh3 {[%clk 0:12:45]} Rb4 {[%clk 0:40:04]} 53. Rg7+
{[%clk 0:10:26]} Kf5 {[%clk 0:39:57]} 54. Kg2 {[%clk 0:09:50]} a4
{[%clk 0:40:18]} 55. Ra7 {[%clk 0:10:00]} Kf4 {[%clk 0:40:29]} 56. Kf2
{[%clk 0:09:00]} Rb2+ {[%clk 0:40:50]} 57. Ke1 {[%clk 0:07:45]} Ra2
{[%clk 0:40:57]} 58. Rh7 {[%clk 0:07:12]} Kg3 {[%clk 0:41:21]} 59. f4
{[%clk 0:07:32]} h3 {[%clk 0:41:47]} 60. f5 {[%clk 0:06:51]} h2 {[%clk 0:42:06]}
61. f6 {[%clk 0:06:20]} h1=Q+ {[%clk 0:42:29]} 62. Rxh1 {[%clk 0:06:29]} Ra1+
{[%clk 0:42:55]} 63. Ke2 {[%clk 0:06:07]} Rxh1 {[%clk 0:43:19]} 64. f7
{[%clk 0:06:33]} Rh8 {[%clk 0:43:44]} 0-1

[Event "2nd Sharjah Masters International Chess Championship"]
[Site "Sharjah Culture & Chess Club"]
[Date "2018.04.14"]
[Round "3"]
[Board "30"]
[White "Mullick, Raahil"]
[Black "Kowsarinia, Amir"]
[Result "1-0"]
[WhiteElo "2053"]
[BlackElo "2316"]
[PlyCount "0"]
[EventDate "2018.04.12"]
[EventRounds "9"]
[EventCountry "UAE"]

1. e4 {[%clk 1:30:38]} c5 {[%clk 1:30:50]} 2. Nf3 {[%clk 1:31:00]} e6
{[%clk 1:31:12]} 3. d4 {[%clk 1:31:25]} cxd4 {[%clk 1:31:36]} 4. Nxd4
{[%clk 1:31:48]} a6 {[%clk 1:32:02]} 5. Bd3 {[%clk 1:32:09]} Bc5 {[%clk 1:32:22]}
6. Nb3 {[%clk 1:32:31]} Be7 {[%clk 1:32:45]} 7. O-O {[%clk 1:32:48]} d6
{[%clk 1:33:09]} 8. Qg4 {[%clk 1:33:14]} Bf6 {[%clk 1:32:29]} 9. Nc3
{[%clk 1:30:51]} Nc6 {[%clk 1:31:40]} 10. Be3 {[%clk 1:30:56]} Nge7
{[%clk 1:29:32]} 11. Rad1 {[%clk 1:26:36]} O-O {[%clk 1:16:20]} 12. f4
{[%clk 1:20:28]} Qc7 {[%clk 1:01:13]} 13. Rf3 {[%clk 1:16:21]} g6
{[%clk 0:57:52]} 14. Rh3 {[%clk 1:12:16]} b5 {[%clk 0:42:59]} 15. Rf1
{[%clk 1:02:50]} b4 {[%clk 0:28:04]} 16. Ne2 {[%clk 0:59:17]} Rd8
{[%clk 0:19:02]} 17. Nd2 {[%clk 0:54:08]} Rb8 {[%clk 0:17:46]} 18. b3
{[%clk 0:47:51]} d5 {[%clk 0:11:28]} 19. e5 {[%clk 0:45:05]} Bg7 {[%clk 0:11:56]}
20. Qh4 {[%clk 0:40:04]} h6 {[%clk 0:11:51]} 21. f5 {[%clk 0:27:52]} exf5
{[%clk 0:10:04]} 22. Bxh6 {[%clk 0:28:02]} Bxh6 {[%clk 0:10:10]} 23. Qxh6
{[%clk 0:27:47]} Qxe5 {[%clk 0:10:32]} 24. Nf3 {[%clk 0:26:17]} Qg7
{[%clk 0:10:56]} 25. Qf4 {[%clk 0:22:28]} f6 {[%clk 0:11:14]} 26. Rg3
{[%clk 0:17:50]} Ne5 {[%clk 0:06:57]} 27. Ned4 {[%clk 0:13:29]} Bd7
{[%clk 0:04:04]} 28. Re1 {[%clk 0:09:05]} Nxf3+ {[%clk 0:01:24]} 29. Nxf3
{[%clk 0:08:26]} Bb5 {[%clk 0:00:51]} 30. Rxe7 {[%clk 0:05:14]} Qxe7
{[%clk 0:01:06]} 31. Rxg6+ {[%clk 0:05:32]} Kf7 {[%clk 0:01:11]} 32. Qh6
{[%clk 0:02:52]} Rg8 {[%clk 0:00:56]} 33. Ng5+ {[%clk 0:02:55]} Ke8
{[%clk 0:00:39]} 34. Rxg8+ {[%clk 0:03:16]} Kd7 {[%clk 0:01:07]} 35. Rg7
{[%clk 0:03:30]} Qd8 1-0

[Event "2nd Sharjah Masters International Chess Championship"]
[Site "Sharjah Culture & Chess Club"]
[Date "2018.04.14"]
[Round "3"]
[Board "31"]
[White "Pranav, V"]
[Black "Bharath, Subramaniyam H"]
[Result "0-1"]
[WhiteElo "2316"]
[BlackElo "1997"]
[PlyCount "0"]
[EventDate "2018.04.12"]
[EventRounds "9"]
[EventCountry "UAE"]

1. Nf3 Nf6 2. g3 d5 3. Bg2 Bf5 4. O-O c6 5. d3 h6 6. Nbd2 e6 7. b3 Be7 8. Bb2 O-O
9. Ne5 Nbd7 10. e4 Bh7 11. f4 Nxe5 12. fxe5 Nd7 13. Qe2 Qa5 14. c4 d4 15. Bxd4
Nxe5 16. Be3 Qc3 17. d4 Ng4 18. Bf4 Qxd4+ 19. Kh1 e5 20. Qxg4 exf4 21. Nf3 Qf6
22. Rae1 Bb4 23. Re2 fxg3 24. Qxg3 Rae8 25. e5 Qg6 26. Qf4 Qh5 27. Rg1 Qf5 28.
Qg3 Bc5 29. Rf1 Qg6 30. Qe1 Qd3 31. Ng1 Rd8 32. Nh3 Bb4 33. Qf2 Qd4 34. Qg3 Bd3
35. Rd1 Bxe2 36. Rxd4 Rxd4 37. Nf2 Bh5 38. Bf3 Bg6 39. e6 Bd6 40. Qh3 Rf4 41. Qg3
Kh7 42. Nh3 Rd4 43. Qg1 Rd3 44. Qg4 fxe6 45. Be4 Rd1+ 46. Ng1 Bxe4+ 47. Qxe4+ Kh8
48. Kg2 Rd2+ 49. Ne2 Bc5 50. Kh3 Rf6 51. Nf4 Bd6 52. Ng6+ Kg8 53. Ne5 Bxe5 54.
Qxe5 Kh7 55. Qe4+ Rg6 56. a4 Rdg2 57. b4 R2g5 58. Qe2 Rf5 59. c5 a6 60. Qd1 e5
61. Qe2 e4 62. Qd1 e3 63. Qe2 Re5 64. Kh4 Re4+ 65. Kh3 Kh8 66. Qf3 Re5 67. Qe2
Rf6 68. Qb2 Rff5 69. Qe2 Rf2 70. Qe1 e2 71. b5 Rf1 72. bxa6 Rxe1 73. a7 Re8 74.
Kg4 Rg1+ 75. Kh5 Re5+ 76. Kh4 e1=Q+ 77. Kh3 Rh5# 78. Kh4 Qc3+ 0-1